000 00296nam a22001337a 4500
008 180313b xxu||||| |||| 00| 0 eng d
020 _a9780538890182
041 _aeng
080 _a338
100 _a53
101 _aMNG
245 _aSmall Business Management
_cPalich, L.E
942 _2udc
_cBK
999 _c44870
_d44870